Desarrollo de perfiles regionales de probreza basados en perspectivas locales (Registro nro. 17434)

Detalles MARC
000 -CABECERA
Campo de control 01345nam a22003737a 4500
005 - FECHA Y HORA DE LA ULTIMA TRANSACCION
Campo de control 20180803170125.0
008 - ELEMENTOS DE LONGITUD FIJA—INFORMACION GENERAL
Campo de control 150415s1999 ck r 00010 spa d
040 ## - FUENTE DE CATALOGACIÓN
Agencia catalogadora original CO-BoIAvH
Agencia transcriptora CO-BoIAvH
041 0# - IDIOMA
Código de idioma para texto/pista de sonido o título separado Español
044 ## - PAÍS DE PUBLICACIÓN
País de publicación Colombia
082 04 - NUMERO DE CLASIFICACION DECIMAL DEWEY
Número de clasificación 339.46
Número del ítem M99d
100 1# - ASIENTO PRINCIPAL--NOMBRE PERSONAL
Nombre personal Munk-Ravnborg, Helle
245 10 - MENCION DE TITULO
Título Desarrollo de perfiles regionales de probreza basados en perspectivas locales
260 ## - PUBLICACION, DISTRIBUCION, ETC. (PIE DE IMPRENTA)
Lugar de publicación, distribución, etc. Cali, Colombia:
Nombre del editor, distribuidor, etc. CIAT,
Fecha de publicación, distribución, etc. 1999.
300 ## - DESCRIPCION FISICA
Extensión 60 p.
Otros detalles físicos tablas, gráficas
Dimensiones 28 cm.
500 ## - NOTA GENERAL
Nota general Material disponible en fotocopia solo para consulta en sala
650 ## - ASIENTO SECUNDARIO DE MATERIA - TERMINO TEMATICO
Término temático o nombre geográfico como elemento de entrada Pobreza
Subdivisión geográfica Colombia.
650 ## - ASIENTO SECUNDARIO DE MATERIA - TERMINO TEMATICO
Término temático o nombre geográfico como elemento de entrada Poverty
650 ## - ASIENTO SECUNDARIO DE MATERIA - TERMINO TEMATICO
Término temático o nombre geográfico como elemento de entrada Comunidades rurales
650 ## - ASIENTO SECUNDARIO DE MATERIA - TERMINO TEMATICO
Término temático o nombre geográfico como elemento de entrada Bienestar social
650 ## - ASIENTO SECUNDARIO DE MATERIA - TERMINO TEMATICO
Término temático o nombre geográfico como elemento de entrada Tanzania
650 ## - ASIENTO SECUNDARIO DE MATERIA - TERMINO TEMATICO
Término temático o nombre geográfico como elemento de entrada Zimbabwe
650 ## - ASIENTO SECUNDARIO DE MATERIA - TERMINO TEMATICO
Término temático o nombre geográfico como elemento de entrada Honduras
650 ## - ASIENTO SECUNDARIO DE MATERIA - TERMINO TEMATICO
Término temático o nombre geográfico como elemento de entrada Nicaragua
651 #0 - ASIENTO SECUNDARIO DE MATERIA - NOMBRE GEOGRAFICO
Nombre geográfico Colombia
Subdivisión general Condiciones económicas.
651 ## - ASIENTO SECUNDARIO DE MATERIA - NOMBRE GEOGRAFICO
Nombre geográfico Colombia
Subdivisión general Condiciones sociales.
651 #0 - ASIENTO SECUNDARIO DE MATERIA - NOMBRE GEOGRAFICO
Nombre geográfico Colombia
Subdivisión general Política económica.
651 #0 - ASIENTO SECUNDARIO DE MATERIA - NOMBRE GEOGRAFICO
Nombre geográfico Colombia
Subdivisión general Política social.
700 1# - ASIENTO SECUNDARIO - NOMBRE PERSONAL
Nombre personal Escolán-Redezno, Rosa Mercedes
700 1# - ASIENTO SECUNDARIO - NOMBRE PERSONAL
Nombre personal Guerrero, María del Pilar
700 1# - ASIENTO SECUNDARIO - NOMBRE PERSONAL
Nombre personal Méndez-Castellanos, Miguel Angel
773 0# - Item fuente:
Título Comercio Exterior. -- M�exico. -- Vol.42, no.5 (May. 1992). -- p.433-439.
942 ## - ELEMENTOS ADICIONALES (KOHA)
Sistema de clasificación Dewey Decimal Classification
Tipo de ítem Informe Técnico
Koha issues (borrowed), all copies 1
Existencias
Withdrawn status Lost status Sistema de Clasificación Damaged status No para préstamo Colección Inventariado Ubicación Permanente Ubicación actual Fecha de adquisición Fuente de Valor Total Checkouts Número topográfico Inventario / Código de Barras Date last seen Date checked out Ejemplar Price effective from Forma de adquisición Tipo de material
    Dewey Decimal Classification     General Inventariado 2017 Bogotá Bogotá 15/04/2015 PPA 1 LB-339.46 M99d 039002 23/06/2015 23/06/2015 Ej. 1 15/04/2015   Informe Técnico